Misspelled Madness IV Quiz Stats

 Plays Quiz Updated Sep 3, 2016

Score 0/15 Timer 04:00
0 Plays Today
% Correct
Gluttony
88.7%
Audacity
88.7%
Sedative
88.7%
Occasionally
86%
Omnipotent
85.9%
Bedazzle
85.3%
Personnel
85.3%
Disciple
82.7%
% Correct
Pessimist
82.4%
Bludgeon
82%
Liaison
80.4%
Daiquiri
75.5%
Delicatessen
73.2%
Supersede
44.8%
Inoculate
36.8%

You're not logged in!

Compare scores with friends on all Sporcle quizzes.
OR
Log In

Show Comments

Extras

Top Quizzes Today


Score Distribution

Your Account Isn't Verified!

In order to create a playlist on Sporcle, you need to verify the email address you used during registration. Go to your Sporcle Settings to finish the process.

Report this User

Report this user for behavior that violates our Community Guidelines.

Details: